000 00919nam a22002897a 4500
003 CHAP
005 20220329134928.0
008 971013s1973 r 00010 d
010 _a28226
011 _a29198
035 _a33309
040 _cCHAP
082 _a632.8
_bK56 1973
100 0 0 _aKlotz, Leo Joseph.
_963478
245 _aColor handbook of citrus diseases
250 _a4 ed.
260 _aRiverside, Ca. :
_bUniversity of California. Division of Agricultural Sciences. Citrus Research Center,
_c1973
300 _a121 p.
590 _aBATCH-UPD
_b10
_c20130110
_lUCH01
_h1738
590 _aBATCH-UPD
_b10
_c20130410
_lUCH01
_h1118
590 _aBATCH-UPD
_b10
_c20130914
_lUCH01
_h0958
590 _aCONVERSION
_b10
_c20130109
_lUCH01
_h1316
650 1 4 _aCĂ­tricos
_xEnfermedades.
_924423
901 _aBK
942 _cLIBRO
949 _a632.8 K56 1973
_bBC
_cC
_d33724000648168
_eC
_h50527
_i33309
_si
_t201.25
999 _c28226
_d28226